La misteriosa fiamma della regina Loana
Uloženo v:
| Hlavní autor: | |
|---|---|
| Médium: | Kniha |
| Jazyk: | Undetermined |
| Vydáno: |
Milan, Italia
Libri Oro Bompiani
2005
|
| Témata: | |
| Tagy: |
Přidat tag
Žádné tagy, Buďte první, kdo vytvoří štítek k tomuto záznamu!
|
MARC
| LEADER | 00000nam a2200000Ia 4500 | ||
|---|---|---|---|
| 008 | 170316s9999 xx 000 0 und d | ||
| 999 | |c 8136 |d 8136 | ||
| 040 | |a cru BVZT | ||
| 090 | |a 850 E-1m | ||
| 100 | |a Eco, Umberto | ||
| 245 | |a La misteriosa fiamma della regina Loana |c / Umberto Eco | ||
| 260 | |a Milan, Italia |b Libri Oro Bompiani |c 2005 | ||
| 300 | |a 456 páginas | ||
| 650 | |a LITERATURA ITALIANA |9 212 | ||
| 650 | |a EN IDIOMA ITALIANO | ||
| 650 | |a NOVELA |9 13 | ||
| 942 | |c 4 D |h 850 E-1m |2 z | ||
